PSP : A Self-Improvement Process for Software Engineers /
Gespeichert in:
| 1. Verfasser: | |
|---|---|
| Format: | Buch |
| Sprache: | Englisch |
| Veröffentlicht: |
Upper Saddle River,
Addison-Wesley,
2005
|
| Schriftenreihe: | SEI Series in Software Engineering
|
| Schlagworte: | |
| Tags: |
Keine Tags, Fügen Sie das erste Tag hinzu!
|
MARC
| LEADER | 00000nam a22000003a 4500 | ||
|---|---|---|---|
| 001 | 0074894 | ||
| 003 | SK-STU | ||
| 005 | 20190731153007.5 | ||
| 007 | ta | ||
| 008 | 190731s ----xo-----e------000-0-----d | ||
| 020 | |a 0-321-30549-3 | ||
| 040 | |a STU |b slo | ||
| 041 | 0 | |a eng | |
| 044 | |a xxu | ||
| 100 | 1 | |a Humphrey, Watts S. |4 aut | |
| 245 | 1 | 0 | |a PSP : |b A Self-Improvement Process for Software Engineers / |c aut. Watts S Humphrey |
| 260 | |a Upper Saddle River, |b Addison-Wesley, |c 2005 | ||
| 300 | |a 346 s. | ||
| 490 | 0 | |a SEI Series in Software Engineering | |
| 650 | 0 | 7 | |a softvérové inžinierstvo |
| 650 | 0 | 7 | |a vývoj softvéru |
| 996 | |b I24KN000150 |c I*20S5625 |l II680 |s P |a 0 |w 0074894_0001 | ||